Business Statistics (Record no. 3959)

MARC details
005 - DATE AND TIME OF LATEST TRANSACTION
control field 20250613090512.0
020 ## - INTERNATIONAL STANDARD BOOK NUMBER
International Standard Book Number 10:0-321-42659-2
082 ## - DEWEY DECIMAL CLASSIFICATION NUMBER
Classification number 519.5SHA
100 ## - MAIN ENTRY--PERSONAL NAME
Author name NOREAN R. SHARPE
245 ## - TITLE STATEMENT
Title Business Statistics
250 ## - EDITION STATEMENT
Edition statement 3th Ed
260 ## - PUBLICATION, DISTRIBUTION, ETC.
Place of publication, distribution, etc. USA,
Name of publisher, distributor, etc. New York,
Date of publication, distribution, etc. 2010.
300 ## - PHYSICAL DESCRIPTION
Extent xix,747p, ill, table, figure, picture
Other physical details Index
Dimensions 28cm
700 ## - ADDED ENTRY--PERSONAL NAME
Other authors/Editors RICHARD D. DE VEAUX & PAUL F. VELLEMAN
942 ## - ADDED ENTRY ELEMENTS (KOHA)
Source of classification or shelving scheme Dewey Decimal Classification
Koha item type Books
Holdings
Date last seen Total checkouts Full call number Barcode Cost, replacement price Price effective from Koha item type Lost status Source of classification or shelving scheme Damaged status Not for loan Withdrawn status Home library Current library Shelving location Date acquired Cost, normal purchase price
06/13/2025   519.5SHA DOM000978 225000.00 06/13/2025 Books   Dewey Decimal Classification       CBE Dodoma CBE Dodoma General Collection 05/26/2015 75000.00